LDR 01003nam a2200253 i 4500 001 000000057382 003 CaOOAMICUS 005 20260522171107.0 008 981022s1991 it u000 u ita u 020 $a88-06-12637-7 040 $aSeMil$bita 245 13$aIl Lazio /$ca cura di Alberto Caracciolo. 264 1$aTorino :$bEinaudi,$c1991. 300 $aXVIII, 674 p., [36] c. di tav. :$bill. ;$c22 cm 650 4$aLazio - Storia - Sec. 19.-20.$0(OLS)http://semarc/subject/11578 700 1 $aCaracciolo, Alberto <1926-2002>.$0(OLS)http://semarc/name/12410 773 0 $tStoria d'Italia.$dTorino : Einaudi, 1977-2002.$w()3449 850 $aSeMil 852 $aSeMil$W1$xVenegono$y1$mSL1.J V 14$j272415$B23536$CSeMilBibl$Z2$F23538 $8I 961 $aAcquisto: Rappresentante 996 $6020$a88-06-12637-7$9(OLS)http://semarc/number/32707 996 $6245$aIl Lazio$9(OLS)http://semarc/title/89301 996 $6264$aTorino :$bEinaudi$9(OLS)http://semarc/publisher/29884